<?xml version="1.0" encoding="UTF-8"?>
<record
    xmlns:xsi="http://www.w3.org/2001/XMLSchema-instance"
    xsi:schemaLocation="http://www.loc.gov/MARC21/slim http://www.loc.gov/standards/marcxml/schema/MARC21slim.xsd"
    xmlns="http://www.loc.gov/MARC21/slim">

  <leader>00529nam a22001817a 4500</leader>
  <controlfield tag="003">OSt</controlfield>
  <controlfield tag="005">20260619123241.0</controlfield>
  <controlfield tag="008">260619b        |||||||| |||| 00| 0 eng d</controlfield>
  <datafield tag="020" ind1=" " ind2=" ">
    <subfield code="a">139780325047355</subfield>
  </datafield>
  <datafield tag="040" ind1=" " ind2=" ">
    <subfield code="c">Chuka University Library</subfield>
  </datafield>
  <datafield tag="050" ind1=" " ind2=" ">
    <subfield code="a">LB 1576 .C31 2013 </subfield>
  </datafield>
  <datafield tag="100" ind1=" " ind2=" ">
    <subfield code="a">Calkins Lucy </subfield>
    <subfield code="9">27666</subfield>
  </datafield>
  <datafield tag="245" ind1=" " ind2=" ">
    <subfield code="a">Once upon a time : Adapting and writing fairy tales</subfield>
  </datafield>
  <datafield tag="260" ind1=" " ind2=" ">
    <subfield code="a">Portsmouth , NH </subfield>
    <subfield code="b">Heinemann</subfield>
    <subfield code="c">2013</subfield>
  </datafield>
  <datafield tag="300" ind1=" " ind2=" ">
    <subfield code="a">various paging </subfield>
    <subfield code="b">illustrated</subfield>
  </datafield>
  <datafield tag="650" ind1=" " ind2=" ">
    <subfield code="a">Once upon a time </subfield>
    <subfield code="9">30561</subfield>
  </datafield>
  <datafield tag="942" ind1=" " ind2=" ">
    <subfield code="2">lcc</subfield>
    <subfield code="c">BK</subfield>
    <subfield code="n">0</subfield>
  </datafield>
  <datafield tag="952" ind1=" " ind2=" ">
    <subfield code="0">0</subfield>
    <subfield code="1">0</subfield>
    <subfield code="2">lcc</subfield>
    <subfield code="4">0</subfield>
    <subfield code="7">0</subfield>
    <subfield code="8">LGL</subfield>
    <subfield code="a">CHK</subfield>
    <subfield code="b">CHK</subfield>
    <subfield code="c">GEN</subfield>
    <subfield code="d">2026-06-19</subfield>
    <subfield code="e">Donations from books for Africa</subfield>
    <subfield code="g">2586.00</subfield>
    <subfield code="l">0</subfield>
    <subfield code="o">LB 1576 .C31 2013</subfield>
    <subfield code="p">35662/2026</subfield>
    <subfield code="r">2026-06-19 12:36:41</subfield>
    <subfield code="t"> 10</subfield>
    <subfield code="w">2026-06-19</subfield>
    <subfield code="y">BK</subfield>
  </datafield>
  <datafield tag="952" ind1=" " ind2=" ">
    <subfield code="0">0</subfield>
    <subfield code="1">0</subfield>
    <subfield code="2">lcc</subfield>
    <subfield code="4">0</subfield>
    <subfield code="7">0</subfield>
    <subfield code="8">LGL</subfield>
    <subfield code="a">CHK</subfield>
    <subfield code="b">CHK</subfield>
    <subfield code="c">GEN</subfield>
    <subfield code="d">2026-06-19</subfield>
    <subfield code="e">Donations from books for Africa</subfield>
    <subfield code="g">2586.00</subfield>
    <subfield code="l">0</subfield>
    <subfield code="o">LB 1576 .C31 2013</subfield>
    <subfield code="p">35661/2026</subfield>
    <subfield code="r">2026-06-19 12:36:41</subfield>
    <subfield code="t"> 9</subfield>
    <subfield code="w">2026-06-19</subfield>
    <subfield code="y">BK</subfield>
  </datafield>
  <datafield tag="952" ind1=" " ind2=" ">
    <subfield code="0">0</subfield>
    <subfield code="1">0</subfield>
    <subfield code="2">lcc</subfield>
    <subfield code="4">0</subfield>
    <subfield code="7">0</subfield>
    <subfield code="8">LGL</subfield>
    <subfield code="a">CHK</subfield>
    <subfield code="b">CHK</subfield>
    <subfield code="c">GEN</subfield>
    <subfield code="d">2026-06-19</subfield>
    <subfield code="e">Donations from books for Africa</subfield>
    <subfield code="g">2586.00</subfield>
    <subfield code="l">0</subfield>
    <subfield code="o">LB 1576 .C31 2013</subfield>
    <subfield code="p">35660/2026</subfield>
    <subfield code="r">2026-06-19 12:36:41</subfield>
    <subfield code="t"> 8</subfield>
    <subfield code="w">2026-06-19</subfield>
    <subfield code="y">BK</subfield>
  </datafield>
  <datafield tag="952" ind1=" " ind2=" ">
    <subfield code="0">0</subfield>
    <subfield code="1">0</subfield>
    <subfield code="2">lcc</subfield>
    <subfield code="4">0</subfield>
    <subfield code="7">0</subfield>
    <subfield code="8">LGL</subfield>
    <subfield code="a">CHK</subfield>
    <subfield code="b">CHK</subfield>
    <subfield code="c">GEN</subfield>
    <subfield code="d">2026-06-19</subfield>
    <subfield code="e">Donations from books for Africa</subfield>
    <subfield code="g">2586.00</subfield>
    <subfield code="l">0</subfield>
    <subfield code="o">LB 1576 .C31 2013</subfield>
    <subfield code="p">35659/2026</subfield>
    <subfield code="r">2026-06-19 12:36:41</subfield>
    <subfield code="t"> 7</subfield>
    <subfield code="w">2026-06-19</subfield>
    <subfield code="y">BK</subfield>
  </datafield>
  <datafield tag="952" ind1=" " ind2=" ">
    <subfield code="0">0</subfield>
    <subfield code="1">0</subfield>
    <subfield code="2">lcc</subfield>
    <subfield code="4">0</subfield>
    <subfield code="7">0</subfield>
    <subfield code="8">LGL</subfield>
    <subfield code="a">CHK</subfield>
    <subfield code="b">CHK</subfield>
    <subfield code="c">GEN</subfield>
    <subfield code="d">2026-06-19</subfield>
    <subfield code="e">Donations from books for Africa</subfield>
    <subfield code="g">2586.00</subfield>
    <subfield code="l">0</subfield>
    <subfield code="o">LB 1576 .C31 2013</subfield>
    <subfield code="p">35658/2026</subfield>
    <subfield code="r">2026-06-19 12:36:41</subfield>
    <subfield code="t"> 6</subfield>
    <subfield code="w">2026-06-19</subfield>
    <subfield code="y">BK</subfield>
  </datafield>
  <datafield tag="952" ind1=" " ind2=" ">
    <subfield code="0">0</subfield>
    <subfield code="1">0</subfield>
    <subfield code="2">lcc</subfield>
    <subfield code="4">0</subfield>
    <subfield code="7">0</subfield>
    <subfield code="8">LGL</subfield>
    <subfield code="a">CHK</subfield>
    <subfield code="b">CHK</subfield>
    <subfield code="c">GEN</subfield>
    <subfield code="d">2026-06-19</subfield>
    <subfield code="e">Donations from books for Africa</subfield>
    <subfield code="g">2586.00</subfield>
    <subfield code="l">0</subfield>
    <subfield code="o">LB 1576 .C31 2013</subfield>
    <subfield code="p">35657/2026</subfield>
    <subfield code="r">2026-06-19 12:36:41</subfield>
    <subfield code="t"> 5</subfield>
    <subfield code="w">2026-06-19</subfield>
    <subfield code="y">BK</subfield>
  </datafield>
  <datafield tag="952" ind1=" " ind2=" ">
    <subfield code="0">0</subfield>
    <subfield code="1">0</subfield>
    <subfield code="2">lcc</subfield>
    <subfield code="4">0</subfield>
    <subfield code="7">0</subfield>
    <subfield code="8">LGL</subfield>
    <subfield code="a">CHK</subfield>
    <subfield code="b">CHK</subfield>
    <subfield code="c">GEN</subfield>
    <subfield code="d">2026-06-19</subfield>
    <subfield code="e">Donations from books for Africa</subfield>
    <subfield code="g">2586.00</subfield>
    <subfield code="l">0</subfield>
    <subfield code="o">LB 1576 .C31 2013</subfield>
    <subfield code="p">35656/2026</subfield>
    <subfield code="r">2026-06-19 12:36:41</subfield>
    <subfield code="t"> 4</subfield>
    <subfield code="w">2026-06-19</subfield>
    <subfield code="y">BK</subfield>
  </datafield>
  <datafield tag="952" ind1=" " ind2=" ">
    <subfield code="0">0</subfield>
    <subfield code="1">0</subfield>
    <subfield code="2">lcc</subfield>
    <subfield code="4">0</subfield>
    <subfield code="7">0</subfield>
    <subfield code="8">LGL</subfield>
    <subfield code="a">CHK</subfield>
    <subfield code="b">CHK</subfield>
    <subfield code="c">GEN</subfield>
    <subfield code="d">2026-06-19</subfield>
    <subfield code="e">Donations from books for Africa</subfield>
    <subfield code="g">2586.00</subfield>
    <subfield code="l">0</subfield>
    <subfield code="o">LB 1576 .C31 2013</subfield>
    <subfield code="p">35655/2026</subfield>
    <subfield code="r">2026-06-19 12:36:41</subfield>
    <subfield code="t"> 3</subfield>
    <subfield code="w">2026-06-19</subfield>
    <subfield code="y">BK</subfield>
  </datafield>
  <datafield tag="952" ind1=" " ind2=" ">
    <subfield code="0">0</subfield>
    <subfield code="1">0</subfield>
    <subfield code="2">lcc</subfield>
    <subfield code="4">0</subfield>
    <subfield code="7">0</subfield>
    <subfield code="8">LGL</subfield>
    <subfield code="a">CHK</subfield>
    <subfield code="b">CHK</subfield>
    <subfield code="c">GEN</subfield>
    <subfield code="d">2026-06-19</subfield>
    <subfield code="e">Donations from books for Africa</subfield>
    <subfield code="g">2586.00</subfield>
    <subfield code="l">0</subfield>
    <subfield code="o">LB 1576 .C31 2013</subfield>
    <subfield code="p">35654/2026</subfield>
    <subfield code="r">2026-06-19 12:36:41</subfield>
    <subfield code="t"> 2</subfield>
    <subfield code="w">2026-06-19</subfield>
    <subfield code="y">BK</subfield>
  </datafield>
  <datafield tag="952" ind1=" " ind2=" ">
    <subfield code="0">0</subfield>
    <subfield code="1">0</subfield>
    <subfield code="2">lcc</subfield>
    <subfield code="4">0</subfield>
    <subfield code="7">0</subfield>
    <subfield code="8">LGL</subfield>
    <subfield code="a">CHK</subfield>
    <subfield code="b">CHK</subfield>
    <subfield code="c">GEN</subfield>
    <subfield code="d">2026-06-19</subfield>
    <subfield code="e">Donations from books for Africa</subfield>
    <subfield code="g">2586.00</subfield>
    <subfield code="l">0</subfield>
    <subfield code="o">LB 1576 .C31 2013</subfield>
    <subfield code="p">35653/2026</subfield>
    <subfield code="r">2026-06-19 12:36:41</subfield>
    <subfield code="t">1</subfield>
    <subfield code="w">2026-06-19</subfield>
    <subfield code="y">BK</subfield>
  </datafield>
  <datafield tag="999" ind1=" " ind2=" ">
    <subfield code="c">24929</subfield>
    <subfield code="d">24929</subfield>
  </datafield>
</record>
